| 000 | 00694nam a2200253Ia 4500 | ||
|---|---|---|---|
| 001 | dia_2815 | ||
| 003 | CHAP | ||
| 005 | 20251027153351.0 | ||
| 008 | 220117s1991 xx 000 0 und d | ||
| 010 | _a173315 | ||
| 040 | _cCHAP | ||
| 082 | _a664.1 H4 | ||
| 100 |
_aHerly Noa, Silverio _9153550 |
||
| 245 |
_aLa Diversificación de la Agroindustria de la Caña de Azúcar / _c por Silverio Herly Noa |
||
| 260 |
_aMéxico, Geplacea _c1991 |
||
| 300 | _a172P. | ||
| 400 | _aSERIE DIVERSIFICACION | ||
| 500 | _aD. | ||
| 650 | _aCaña de Azúcar | ||
| 901 | _a664.1 H4 | ||
| 902 | _aM | ||
| 905 | _a0000001991 MEXA 0000000000ESP00 | ||
| 942 |
_cLIBRO _2ddc |
||
| 999 |
_c173315 _d173315 |
||